| 000 | 00495nam a2200145 4500 | ||
|---|---|---|---|
| 008 | 031028s1998 ch eng | ||
| 020 | _a957-9185-54-9 | ||
| 090 | _aBT77/Yo8s | ||
| 100 | 1 | _aYoung, William T | |
| 245 | 1 | 0 |
_aThe Swansong of the century {ch} / _cWilliam T. Young. |
| 260 |
_aTaipei: _bYung Wang Cultural Ltd., _c1998. |
||
| 300 | _a143p., appendix p.137-143 | ||
| 650 | 4 |
_aTheology _xStudy and teaching. {ch} |
|
| 951 |
_pC-4863 _x00028666 _oBT77/Yo8s _j070613111331546 _d2000-12-21 _cCH |
||
| 999 |
_c18606 _d18606 |
||